000 00317nam a22001451a 4500
082 _aH3
_bRAD/S
100 _aRadhakrishna
245 _aSansanate sapne/
_cby Radhakrishna
260 _c1997.
_a
_b
300 _a111p.
650 _aNovel Hindi
650 _aLiterature Hindi
650 _aLiterature
942 _cBK
999 _c40353
_d40353